Lista de cooperativas inscritas
Lista de las veintiún cooperativas que fueron inscritas en el Instituto Nacional de Fomento Cooperativo (INFOCOOP), en el período comprendido entre julio de 1987 y octubre del mismo año. El listado contiene la siguiente información sobre cada cooperativa: nombre, siglas, fecha de constitución, númer...
সংরক্ষণ করুন:
| বিন্যাস: | পাঠ্য |
|---|---|
| বিষয়গুলি: | |
| ট্যাগগুলো: |
ট্যাগ যুক্ত করুন
কোনো ট্যাগ নেই, প্রথমজন হিসাবে ট্যাগ করুন!
|
MARC
| LEADER | 00000 a a2200000 04500 | ||
|---|---|---|---|
| 001 | 9519 | ||
| 003 | |||
| 040 | |||
| 245 | |a Lista de cooperativas inscritas | ||
| 520 | |a Lista de las veintiún cooperativas que fueron inscritas en el Instituto Nacional de Fomento Cooperativo (INFOCOOP), en el período comprendido entre julio de 1987 y octubre del mismo año. El listado contiene la siguiente información sobre cada cooperativa: nombre, siglas, fecha de constitución, número de asociados, dirección, tipo de cooperativa (de vivienda, autogestión, servicios, comercialización, organismo auxiliar, consumo, ahorro, crédito o transportes) y presidente y gerente de la empresa. LOB/mb | ||
| 650 | |a COOPERATIVAS | ||
| 650 | |a COOPERATIVAS AGRICOLAS | ||
| 650 | |a COOPERATIVAS DE CONSUMO | ||
| 650 | |a COOPERATIVAS DE VIVIENDA | ||
| 650 | |a COOPERATIVAS INDUSTRIALES | ||
| 650 | |a COOPERATIVAS DE CREDITO | ||
| 650 | |a COOPERATIVAS DE PRODUCCION | ||
| 650 | |a COOPERATIVAS DE VENTAS | ||
| 650 | |a DIRECTORIOS | ||
| 773 | |g número 36; páginas12-13 | ||
| 999 | |c 28444 |d 28444 | ||
